[Event "Rivera Huila Hernandez Memorial-B"]
[Site "Rivera Huila"]
[Date "2023.07.23"]
[Round "6"]
[White "Munoz Triana, Joseph Steve"]
[Black "Rojas Barrero, Andres Humberto"]
[Result "1/2-1/2"]
[WhiteElo "1899"]
[BlackElo "2137"]
[PlyCount "75"]
[EventDate "2023.07.20"]
[EventType "swiss"]
[EventRounds "7"]
[EventCountry "COL"]
[SourceTitle "CBM 215 Extra"]
[Source "ChessBase"]
[SourceDate "2023.09.30"]
[SourceVersion "1"]
[SourceVersionDate "2023.09.30"]
[SourceQuality "1"]

1. e4 e5 2. Nc3 Nf6 3. g3 c6 4. Bg2 d5 5. d3 dxe4 6. dxe4 Qxd1+ 7. Nxd1 Na6 8. a3 Nc5 9. Nc3 Be6 10. Bg5 Be7 11. 0-0-0 h6 12. Bd2 0-0-0 13. h3 Bc4 14. Nf3 Nfd7 15. Be3 Ba6 16. h4 Kc7 17. Bh3 Bd6 18. Rd2 Ne6 19. Bxa7 c5 20. Bxe6 fxe6 21. Rhd1 Be7 22. a4 Rhf8 23. Rxd7+ Rxd7 24. Bb6+ Kc8 25. Rxd7 Kxd7 26. Nxe5+ Kd6 27. f4 g5 28. hxg5 hxg5 29. Ng6 Re8 30. Nxe7 Rxe7 31. Bd8 Rh7 32. e5+ Kd7 33. Bxg5 Rh1+ 34. Kd2 Rh2+ 35. Kd1 Rh1+ 36. Kd2 Rh2+ 37. Kc1 Rh1+ 38. Kd2 1/2-1/2

[Event "Rivera Huila Hernandez Memorial-B"]
[Site "Rivera Huila"]
[Date "2023.07.21"]
[Round "2"]
[White "Valencia Lopez, Daily Vanessa"]
[Black "Rojas Barrero, Andres Humberto"]
[Result "1/2-1/2"]
[WhiteElo "1705"]
[BlackElo "2137"]
[PlyCount "48"]
[EventDate "2023.07.20"]
[EventType "swiss"]
[EventRounds "7"]
[EventCountry "COL"]
[SourceTitle "CBM 215 Extra"]
[Source "ChessBase"]
[SourceDate "2023.09.30"]
[SourceVersion "1"]
[SourceVersionDate "2023.09.30"]
[SourceQuality "1"]

1. e4 e5 2. Nf3 Nc6 3. Bb5 a6 4. Ba4 Nf6 5. 0-0 Nxe4 6. Re1 Nc5 7. Bxc6 dxc6 8. Nxe5 Ne6 9. Qf3 Qf6 10. Qxf6 gxf6 11. Nf3 Bd7 12. b3 0-0-0 13. Bb2 Be7 14. d3 Rdg8 15. Nbd2 h5 16. h4 c5 17. Ne4 Bc6 18. Kf1 Rh6 19. g3 Rhg6 20. Bc1 Rg4 21. Nh2 R4g6 22. Nf3 Rg4 23. Nh2 R4g6 24. Nf3 Rg4 1/2-1/2

[Event "Medellin Raza op 9th"]
[Site "Medellin"]
[Date "2019.10.14"]
[Round "7"]
[White "Corredor Rengifo, Luis Fernando"]
[Black "Rojas Barrero, Andres Humberto"]
[Result "1-0"]
[WhiteElo "2119"]
[BlackElo "2196"]
[PlyCount "85"]
[EventDate "2019.10.11"]
[EventType "swiss"]
[EventRounds "8"]
[EventCountry "COL"]
[SourceTitle "CBM 192 Extra"]
[Source "Chessbase"]
[SourceDate "2019.11.06"]
[SourceVersion "1"]
[SourceVersionDate "2019.11.06"]
[SourceQuality "1"]

1. c4 c5 2. Nf3 Nf6 3. g3 Nc6 4. Bg2 d5 5. cxd5 Nxd5 6. Nc3 Nc7 7. 0-0 e5 8. b3 Be7 9. Bb2 0-0 10. Rc1 f6 11. d3 Qe8 12. Na4 Ne6 13. Nd2 Bd7 14. Nc3 Nc7 15. e3 Bf5 16. Qe2 Kh8 17. Rfd1 Rd8 18. Nf1 Qd7 19. Ne4 Ne6 20. g4 Bg6 21. Nfg3 Rfe8 22. Nf5 Bf8 23. a3 Bf7 24. h4 Bg8 25. Qf3 Qf7 26. Qh3 Na5 27. b4 cxb4 28. axb4 Bxb4 29. g5 Nc6 30. gxf6 gxf6 31. Nh6 Qg6 32. Ng4 Be7 33. h5 Qf7 34. h6 Nf8 35. f4 Qb3 36. Bc3 Ng6 37. f5 Nf8 38. Ngxf6 Bxf6 39. Nxf6 Re7 40. Qg3 Qf7 41. Ng4 Qxf5 42. Bxc6 bxc6 43. Nxe5 1-0

[Event "Tunja Boyaca op"]
[Site "Tunja"]
[Date "2019.08.03"]
[Round "7"]
[White "Rojas Barrero, Andres Humberto"]
[Black "Rodriguez Velasco, German Enrique"]
[Result "1-0"]
[WhiteElo "2182"]
[BlackElo "2135"]
[PlyCount "79"]
[EventDate "2019.07.31"]
[EventType "swiss"]
[EventRounds "9"]
[EventCountry "COL"]
[SourceTitle "EXT 2020"]
[Source "ChessBase"]
[SourceDate "2019.10.17"]
[SourceVersion "1"]
[SourceVersionDate "2019.10.17"]
[SourceQuality "1"]

1. e4 c5 2. Nf3 e6 3. d4 cxd4 4. Nxd4 a6 5. Nc3 Qc7 6. Bd3 Bc5 7. Nb3 Be7 8. Qf3 Nc6 9. Bf4 d6 10. 0-0-0 Nf6 11. h3 Ne5 12. Qe3 Bd7 13. g4 h6 14. Bh2 g5 15. f4 gxf4 16. Bxf4 Ng8 17. Kb1 b5 18. Rhf1 b4 19. Ne2 a5 20. Nd2 a4 21. Rc1 a3 22. b3 Nf6 23. Nc4 Ng6 24. Bh2 e5 25. Ng3 Rb8 26. Nf5 Bxf5 27. Rxf5 Nd7 28. Qf2 Rh7 29. Rf1 f6 30. Qd2 Nc5 31. Rxf6 Bxf6 32. Rxf6 Rd8 33. Rxg6 Kf7 34. Rxh6 Ke8 35. Nxd6+ Rxd6 36. Bb5+ Kf8 37. Rxd6 Nxe4 38. Rd8+ Kf7 39. Qd5+ Kg7 40. Rd7+ 1-0

[Event "Tunja Boyaca op"]
[Site "Tunja"]
[Date "2019.08.02"]
[Round "5"]
[White "Rojas Barrero, Andres Humberto"]
[Black "Prado, Leonardo"]
[Result "1-0"]
[WhiteElo "2182"]
[BlackElo "2077"]
[PlyCount "105"]
[EventDate "2019.07.31"]
[EventType "swiss"]
[EventRounds "9"]
[EventCountry "COL"]
[SourceTitle "EXT 2020"]
[Source "ChessBase"]
[SourceDate "2019.10.17"]
[SourceVersion "1"]
[SourceVersionDate "2019.10.17"]
[SourceQuality "1"]

1. e4 e5 2. Nf3 Nc6 3. Bb5 Nf6 4. d3 d6 5. 0-0 Be7 6. c3 a6 7. Ba4 0-0 8. Nbd2 b5 9. Bb3 Nd7 10. d4 Na5 11. Bc2 Rb8 12. b4 Nb7 13. a4 c6 14. a5 Bf6 15. d5 c5 16. Re1 Re8 17. Nf1 Nf8 18. h3 Bd7 19. Kh2 Rc8 20. Ne3 g6 21. g4 Rc7 22. Bd2 h6 23. Nf5 Bxf5 24. gxf5 g5 25. Rg1 Nh7 26. Bd3 Qe7 27. Qe2 c4 28. Bc2 Kh8 29. Rg3 Rg8 30. Rag1 Rcc8 31. Be3 Rg7 32. Kg2 Rcg8 33. Nh2 g4 34. Bxh6 gxh3+ 35. Kxh3 Rxg3+ 36. Rxg3 Rxg3+ 37. fxg3 Bg5 38. Qh5 Bxh6 39. Qxh6 Qg5 40. Qxg5 Nxg5+ 41. Kg4 f6 42. Nf3 Nxf3 43. Kxf3 Kg7 44. Bd1 Kh6 45. Kg4 Nd8 46. Be2 Nb7 47. Kh4 Kh7 48. Kh5 Kg7 49. g4 Kh7 50. g5 Kg7 51. Bf1 Kf7 52. Kh6 fxg5 53. Kxg5 1-0

[Event "Medellin Easter op"]
[Site "Medellin"]
[Date "2015.??.??"]
[Round "7"]
[White "Pardo, Alejandro"]
[Black "Rojas Barrero, Andres Humberto"]
[Result "1-0"]
[WhiteElo "2234"]
[BlackElo "2178"]
[PlyCount "47"]
[EventDate "2015.04.01"]
[EventType "swiss"]
[EventRounds "9"]
[EventCountry "COL"]
[SourceTitle "CBM 165 Extra"]
[Source "ChessBase"]
[SourceDate "2015.04.21"]
[SourceVersion "1"]
[SourceVersionDate "2015.04.21"]
[SourceQuality "1"]

1. d4 d5 2. Nf3 e6 3. Bf4 Bd6 4. Bg3 f5 5. e3 Nf6 6. c4 0-0 7. Nbd2 Ne4 8. Bd3 Nd7 9. 0-0 Nxg3 10. hxg3 c6 11. Qc2 Qf6 12. Rab1 g5 13. b4 g4 14. Nh4 Qh6 15. b5 Be7 16. bxc6 bxc6 17. cxd5 Bxh4 18. gxh4 g3 19. Qxc6 gxf2+ 20. Rxf2 Nf6 21. dxe6 Qxe3 22. e7 Re8 23. Qxf6 Qxd3 24. Rb3 1-0

[Event "COL-ch sf"]
[Site "Medellin"]
[Date "2014.??.??"]
[Round "7"]
[White "Rojas Barrero, Andres Humberto"]
[Black "Garavito, Miguel Angel"]
[Result "0-1"]
[WhiteElo "2187"]
[BlackElo "2265"]
[PlyCount "55"]
[EventDate "2014.04.15"]
[EventType "swiss"]
[EventRounds "11"]
[EventCountry "COL"]
[SourceTitle "CBM 160 Extra"]
[Source "ChessBase"]
[SourceDate "2014.07.01"]
[SourceVersion "1"]
[SourceVersionDate "2014.07.01"]
[SourceQuality "1"]

1. e4 g6 2. d4 Bg7 3. Nc3 d6 4. Be3 a6 5. Qd2 b5 6. h4 h5 7. Bd3 Nd7 8. Nh3 Bb7 9. 0-0-0 Rc8 10. d5 Ngf6 11. f3 c5 12. dxc6 Bxc6 13. Kb1 Nb6 14. Ne2 Nfd7 15. Bd4 e5 16. Be3 0-0 17. Ng5 d5 18. g4 d4 19. Bf2 Nc4 20. Qe1 hxg4 21. fxg4 Nc5 22. b3 Nd6 23. Ng3 Bd7 24. Qe2 Qa5 25. Be1 Qa3 26. Ka1 Bxg4 27. Nf3 Nxd3 28. Rxd3 0-1

[Event "American Continental 09th"]
[Site "Cochabamba"]
[Date "2013.05.12"]
[Round "8"]
[White "Mendoza, Rodrigo"]
[Black "Rojas Barrero, Andres Humberto"]
[Result "1-0"]
[WhiteElo "2148"]
[BlackElo "2227"]
[PlyCount "57"]
[EventDate "2013.05.07"]
[EventType "swiss"]
[EventRounds "11"]
[EventCountry "BOL"]
[SourceTitle "CBM 154 Extra"]
[Source "ChessBase"]
[SourceDate "2013.06.25"]
[SourceVersion "2"]
[SourceVersionDate "2013.06.25"]
[SourceQuality "1"]

1. d4 f5 2. c4 Nf6 3. Nc3 g6 4. Nf3 Bg7 5. e3 0-0 6. Be2 d6 7. 0-0 Qe8 8. b4 e5 9. dxe5 dxe5 10. Bb2 e4 11. Nd2 Nc6 12. c5 Be6 13. a3 Rd8 14. Qc2 Qf7 15. Nb5 Nd5 16. Bxg7 Qxg7 17. Nb3 Ne5 18. N3d4 Bf7 19. Nxa7 c6 20. b5 Ra8 21. b6 h5 22. a4 Ng4 23. Bxg4 hxg4 24. a5 Qh6 25. a6 Nb4 26. Qc3 Nxa6 27. Naxc6 bxc6 28. Rxa6 Bd5 29. Rd1 1-0

[Event "American Continental 09th"]
[Site "Cochabamba"]
[Date "2013.05.12"]
[Round "7"]
[White "Rojas Barrero, Andres Humberto"]
[Black "Molina, Jorge"]
[Result "1/2-1/2"]
[WhiteElo "2227"]
[BlackElo "2144"]
[PlyCount "84"]
[EventDate "2013.05.07"]
[EventType "swiss"]
[EventRounds "11"]
[EventCountry "BOL"]
[SourceTitle "CBM 154 Extra"]
[Source "ChessBase"]
[SourceDate "2013.06.25"]
[SourceVersion "2"]
[SourceVersionDate "2013.06.25"]
[SourceQuality "1"]

1. e4 d5 2. exd5 Nf6 3. Nc3 Nxd5 4. Bc4 e6 5. Qf3 Nb6 6. Bb5+ c6 7. Bd3 N8d7 8. Qg3 Nf6 9. Kf1 Qd6 10. b3 Nbd5 11. Nxd5 Qxd5 12. Nf3 Nh5 13. Qe5 Qxe5 14. Nxe5 Nf6 15. Bb2 Nd7 16. Nc4 b6 17. Re1 Bb7 18. Be4 0-0-0 19. d3 c5 20. f4 Bxe4 21. Rxe4 Nf6 22. Re2 Bd6 23. g3 Bc7 24. Kg2 Rhg8 25. Rf1 Nd5 26. a3 Ne7 27. Ne3 Nd5 28. Ng4 Ne7 29. Ne5 Rdf8 30. Nc4 Rd8 31. h3 h6 32. Be5 Nc6 33. Bb2 Ne7 34. Ne5 Rdf8 35. Nf3 Rd8 36. d4 cxd4 37. Nxd4 Rd7 38. Nf3 Nc6 39. c4 Ne7 40. Nd4 Kb7 41. Nb5 Bb8 42. Nd4 Bc7 1/2-1/2

[Event "American Continental 09th"]
[Site "Cochabamba"]
[Date "2013.05.08"]
[Round "2"]
[White "Ortiz Suarez, Isan Reynaldo"]
[Black "Rojas Barrero, Andres Humberto"]
[Result "1-0"]
[WhiteElo "2598"]
[BlackElo "2227"]
[PlyCount "53"]
[EventDate "2013.05.07"]
[EventType "swiss"]
[EventRounds "11"]
[EventCountry "BOL"]
[SourceTitle "CBM 154 Extra"]
[Source "ChessBase"]
[SourceDate "2013.06.25"]
[SourceVersion "2"]
[SourceVersionDate "2013.06.25"]
[SourceQuality "1"]

1. d4 d5 2. c4 e6 3. Nc3 Nf6 4. Bg5 Be7 5. Nf3 0-0 6. e3 Nbd7 7. Qc2 b6 8. cxd5 exd5 9. Bd3 Bb7 10. h4 c5 11. 0-0-0 c4 12. Bf5 b5 13. Nxb5 g6 14. Bxd7 Nxd7 15. Bxe7 Qxe7 16. Nc3 Rfb8 17. h5 Nf6 18. hxg6 fxg6 19. Ne5 a5 20. g4 Ra6 21. Rh6 Rb6 22. Nxg6 hxg6 23. Rxg6+ Kf7 24. g5 Nd7 25. Rxb6 Nxb6 26. Qh7+ Ke8 27. Qg6+ 1-0

[Event "Bogota District final"]
[Site "Bogota"]
[Date "2013.04.13"]
[Round "4"]
[White "Rojas Barrero, Andres Humberto"]
[Black "Barrientos Chavarriaga, Sergio E"]
[Result "1/2-1/2"]
[WhiteElo "2242"]
[BlackElo "2452"]
[PlyCount "105"]
[EventDate "2013.04.11"]
[EventType "tourn"]
[EventRounds "9"]
[EventCountry "COL"]
[SourceTitle "EXT 2018"]
[Source "ChessBase"]
[SourceDate "2017.10.13"]
[SourceVersion "1"]
[SourceVersionDate "2017.10.13"]
[SourceQuality "1"]

1. e4 c5 2. Nf3 e6 3. d4 cxd4 4. Nxd4 Nc6 5. Nc3 Qc7 6. Be3 a6 7. Bd3 Nf6 8. 0-0 h5 9. h3 b5 10. a3 Bb7 11. Qe2 Rc8 12. Nxc6 Qxc6 13. f3 h4 14. Rfc1 Bc5 15. Qf2 Bxe3 16. Qxe3 Qc5 17. Kf2 Ke7 18. Qxc5+ Rxc5 19. Ke3 Rhc8 20. Kd2 g5 21. Re1 Nh5 22. Ne2 d5 23. b4 R5c7 24. e5 Nf4 25. Nxf4 gxf4 26. a4 Bc6 27. Re2 Bd7 28. Ra2 bxa4 29. Bxa6 Rb8 30. b5 Rc4 31. Re1 f6 32. exf6+ Kxf6 33. c3 e5 34. Ra3 d4 35. Kd3 Rxc3+ 36. Rxc3 dxc3 37. Kxc3 a3 38. Kb4 a2 39. Ra1 Be6 40. Kc5 Rd8 41. b6 Rd5+ 42. Kc6 Ra5 43. Bb5 Ke7 44. b7 Bd7+ 45. Kc7 Rxb5 46. Rxa2 Rc5+ 47. Kb6 Rc6+ 48. Ka7 Rc7 49. Kb6 Rc6+ 50. Ka5 Rc5+ 51. Ka6 Rc6+ 52. Ka7 Rc7 53. Kb6 1/2-1/2

[Event "Bogota LAB GM"]
[Site "Bogota"]
[Date "2012.12.20"]
[Round "6"]
[White "Rojas Barrero, Andres Humberto"]
[Black "Rivera, Alberto"]
[Result "1/2-1/2"]
[WhiteElo "2217"]
[BlackElo "2338"]
[PlyCount "53"]
[EventDate "2012.12.17"]
[EventType "tourn"]
[EventRounds "10"]
[EventCountry "COL"]
[EventCategory "7"]
[SourceTitle "CBM 152 Extra"]
[Source "ChessBase"]
[SourceDate "2013.02.25"]
[SourceVersion "1"]
[SourceVersionDate "2013.02.25"]
[SourceQuality "1"]

1. e4 c5 2. Nf3 d6 3. d4 cxd4 4. Nxd4 Nf6 5. Nc3 a6 6. Bg5 e6 7. f4 Be7 8. Qf3 h6 9. Bh4 Qc7 10. 0-0-0 Nbd7 11. g4 g5 12. e5 dxe5 13. fxg5 hxg5 14. Bg3 Rb8 15. h4 gxh4 16. g5 Rg8 17. Rxh4 Rxg5 18. Rh8+ Rg8 19. Rxg8+ Nxg8 20. Nxe6 fxe6 21. Qh5+ Kf8 22. Bh3 Ngf6 23. Rf1 Qc4 24. Qh8+ Kf7 25. Qh7+ Kf8 26. Qh8+ Kf7 27. Qh7+ 1/2-1/2

[Event "Bogota LAB GM"]
[Site "Bogota"]
[Date "2012.12.17"]
[Round "1"]
[White "Rivera, Alberto"]
[Black "Rojas Barrero, Andres Humberto"]
[Result "1/2-1/2"]
[WhiteElo "2338"]
[BlackElo "2217"]
[PlyCount "33"]
[EventDate "2012.12.17"]
[EventType "tourn"]
[EventRounds "10"]
[EventCountry "COL"]
[EventCategory "7"]
[SourceTitle "CBM 152 Extra"]
[Source "ChessBase"]
[SourceDate "2013.02.25"]
[SourceVersion "1"]
[SourceVersionDate "2013.02.25"]
[SourceQuality "1"]

1. e4 e5 2. Bc4 Nc6 3. Nf3 Bc5 4. 0-0 d6 5. c3 Bg4 6. h3 Bh5 7. d3 Nf6 8. Bb3 Bb6 9. Nbd2 Qd7 10. Re1 g5 11. Nf1 g4 12. hxg4 Bxg4 13. Be3 Rg8 14. N1h2 0-0-0 15. Qd2 Bxf3 16. Nxf3 Qh3 17. g3 1/2-1/2